| 000 | 00547nam a2200205Ia 4500 | ||
|---|---|---|---|
| 003 | GCL | ||
| 008 | 140319s9999 xx 000 0 eng d | ||
| 040 |
_aGCL / _cGCL |
||
| 082 | 0 | 4 |
_aCC _b933 _bR S |
| 100 | 1 | _aROSTEM, OSMAN R | |
| 245 | 1 | 0 |
_aSELECTED ESSAYS ON MANY SUBJECTS / _cROSTEM, OSMAN R |
| 260 |
_a[S.N] : _bBEIRUT ARAB UNIVERSITY ، _c1972 |
||
| 300 | _a166 P | ||
| 490 |
_aBEIRUT ARAB UNIVERSITY _v0 |
||
| 650 | 0 | 4 | _aNUBIA |
| 650 | 0 | 4 | _aABYDOS |
| 650 | 0 | 4 | _aARCHITECTURE, EGYPT |
| 650 | 0 | 4 | _aEGYPT - CIVILIZATION |
| 942 |
_2ddc _cBK |
||
| 999 |
_c19655 _d19655 |
||